Hangman: Guess The Country 2! - Statistics

General Stats
  • This quiz has been taken 206 times
  • The average score is 14 of 18
Answer Stats
‎‎‎ ‎‎ ‎‎ % Correct
A
98%
A
98%
E
89%
I
89%
I
89%
I
89%
N
80%
N
80%
N
80%
S
77%
S
77%
S
77%
T
72%
T
72%
T
72%
D
64%
K
57%
V
53%
No matching quizzes found
Score Distribution
Percent of People with Each Score
Percentile by Number Answered
Your Score History
You have not taken this quiz